Città più popolose Calabria - Statistics

Statistiche generali
  • Questo quiz è stato fatto 102 volte
    24 dall'ultimo reset
  • Il punteggio medio è 7 su 10
Statistiche sulle risposte
Popolazione Provincia Città % Corretto
83 247 Catanzaro Catanzaro
100%
63 241 Cosenza Cosenza
100%
168 572 Reggio Calabria Reggio Calabria
100%
58 181 Crotone Crotone
95%
30 913 Vibo Valentia Vibo Valentia
95%
74 002 Cosenza Corigliano-Rossano
79%
67 168 Catanzaro Lamezia Terme
74%
36 819 Cosenza Rende
37%
20 566 Cosenza Castrovillari
26%
20 050 Cosenza Montalto Uffugo
21%
Nessun quiz corrispondente trovato
Distribuzione punteggi
Percentuale di utenti per punteggio
Percentile per numero di risposta
I tuoi punteggi nel tempo
Non hai fatto questo quiz dall'ultimo reset